[Event "RUS-ch Schools"]
[Site "Novokuznetsk"]
[Date "2001.??.??"]
[Round "3"]
[White "Khadzhaev, Rustem R"]
[Black "Batsanin, Dmitry"]
[Result "0-1"]
[WhiteElo "2289"]
[BlackElo "2415"]
[PlyCount "52"]
[EventDate "2001.10.??"]
[EventType "swiss"]
[EventRounds "9"]
[EventCountry "RUS"]
[SourceTitle "CBM 085 Extra"]
[Source "ChessBase"]
[SourceDate "2002.01.21"]
[SourceVersion "1"]
[SourceVersionDate "2002.01.21"]
[SourceQuality "1"]

1. d4 Nf6 2. c4 c5 3. d5 b5 4. cxb5 a6 5. b6 e6 6. Nc3 Nxd5 7. Nxd5 exd5 8. Qxd5 Nc6 9. Nf3 Rb8 10. Ne5 Qf6 11. Nxc6 dxc6 12. Qf3 Be7 13. g3 Qxf3 14. exf3 Rxb6 15. Bd3 Bh3 16. Rg1 Be6 17. Bd2 c4 18. Be4 f5 19. Ba5 Rxb2 20. Bxc6+ Kf7 21. Bc3 Rc2 22. Bd4 Rd8 23. Ba4 Bb4+ 24. Kf1 Rxd4 25. Bxc2 Rd2 26. Bd1 Bc5 0-1